Nguyễn Bính về tác gia và tác phẩm
Sơ lược về tiểu sử nhà thơ Nguyễn Bính. Tuyển chọn những bài nghiên cứu, bài viết về những sáng tác của nhà thơ và các bài thơ hay tiêu biểu như: Chân quê, tương tư, Cô hái mơ..
Bewaard in:
| Andere auteurs: | , , , |
|---|---|
| Formaat: | Boek |
| Taal: | Vietnamese |
| Gepubliceerd in: |
H.
Giáo dục
2001
|
| Onderwerpen: | |
| Tags: |
Voeg label toe
Geen labels, Wees de eerste die dit record labelt!
|
| Thư viện lưu trữ: | Mạng thư viện Đại học Đà Nẵng |
|---|
| LEADER | 01580nam a2200385 4500 | ||
|---|---|---|---|
| 001 | 000004210 | ||
| 003 | 341 | ||
| 005 | 20121211001204.0 | ||
| 008 | 110718s2001 viesd | ||
| 020 | |c 39200 | ||
| 041 | 0 | |a vie | |
| 082 | |a 895.9221 |b NG-B | ||
| 245 | 0 | |a Nguyễn Bính về tác gia và tác phẩm |c Hà Minh Đức, Đoàn Đức Phương tuyển chọn và giới thiệu; Bùi Hạnh Cẩn, Thuần Hoa, Ngọc Giao... | |
| 260 | |a H. |b Giáo dục |c 2001 | ||
| 300 | |a 463 tr : ảnh chân dung |c 24 cm | ||
| 500 | |a Thư mục: tr. 452-459 | ||
| 520 | |a Sơ lược về tiểu sử nhà thơ Nguyễn Bính. Tuyển chọn những bài nghiên cứu, bài viết về những sáng tác của nhà thơ và các bài thơ hay tiêu biểu như: Chân quê, tương tư, Cô hái mơ.. | ||
| 653 | |a Văn học Việt Nam | ||
| 653 | |a Nguyễn Bính, 1919 - 1966 | ||
| 653 | |a Nhà thơ | ||
| 700 | |a Thuần Hoa |e Tác giả | ||
| 700 | |a Huyền Viêm | ||
| 700 | |a Ngọc Giao |e Tác giả | ||
| 700 | |a Trần Lê Văn |e Tác giả | ||
| 910 | |a Nguyễn Thị Kim Oanh |d 18/ 07/ 2011 | ||
| OWN | |a LSP | ||
| AVA | |a UDN50 |b LSP |d 895.9221 NG-B |e available |t Error 5001 Not defined in file expand_doc_bib_avail. |f 10 |g 0 |h N |i 0 |k 1 | ||
| 999 | |a From the UDN01 | ||
| AVA | |a UDN50 |b LSP |d 895.9221 NG-B |e available |t Error 5001 Not defined in file expand_doc_bib_avail. |f 10 |g 0 |h N |i 0 |k 1 | ||
| TYP | |a Monograph | ||
| TYP | |a Printed language | ||
| 980 | |a Mạng thư viện Đại học Đà Nẵng | ||